|
|
|
|
| LEADER |
00000cam a2200000 7i4500 |
| 001 |
0000070545 |
| 005 |
20170219.0 |
| 008 |
170219 |
| 020 |
|
|
|a 9789833900077
|
| 020 |
|
|
|a 9833900070
|
| 090 |
0 |
0 |
|a REG
|b MAL
|
| 100 |
1 |
|
|a Shafie Abdul Rahman
|
| 245 |
1 |
0 |
|a Pemuda yang bijaksana
|c Shafie Abdul Rahman
|
| 260 |
|
|
|a Shah Alam :
|b JRAS Corporation Sdn. Bhd. ,
|c 2007
|
| 300 |
|
|
|a 52pg. :
|b Col.ill
|
| 490 |
1 |
|
|a Koleksi cerita asuhan akhlak
|
| 650 |
|
0 |
|a Malay fiction
|
| 999 |
|
|
|a 0001129853
|b Book
|c Children Collection
|e Cawangan Bukit Gambir
|
| 999 |
|
|
|a 0001129854
|b Book
|c Children Collection
|e Cawangan Kota Tinggi
|
| 999 |
|
|
|a 0001129856
|b Book
|c Children Collection
|e Cawangan Taman Sri Lambak
|